| 000 | 00477ntaaa2200181 4500 | ||
|---|---|---|---|
| 003 | 01 | ||
| 005 | 20251027202650.0 | ||
| 008 | 0714s1973 ag 01 | ||
| 040 |
_aAR-BaBN _bspa _cAR-BaBN _eaacr _dRIC |
||
| 082 | _a412.0000 L88 | ||
| 100 |
_aLópez, José Francisco _926204 |
||
| 245 | _aFilología etimológica y filosófica | ||
| 250 | _a1 ed. | ||
| 260 |
_as.l. : _bLibrería de la Vda. de Ch. Bouret, _cn.f. |
||
| 300 | _a334 p | ||
| 650 |
_afilología _926205 |
||
| 942 | _cBK | ||
| 999 |
_c21870 _d21870 |
||